000 00966nam a22002537a 4500
005 20080623120757.0
008 080618t xxu||||| |||| 00| 0 eng d
010 _aENG-90386
020 _a8175345874
_c1395.00
035 _aEN-73919
037 _bDBAD / PUB
040 _aDPL
_bEN
082 _a343.54071
100 _aBarowalia, J.N.
245 _aCommentary on the Consumer Protection Act /
_cby J.N. Barowalia
_b
250 _a3rd ed
260 _aDelhi
_bUniversal Law Publishing
_c2008
270 _aC-FF-1A, Dilkhush Industrial Estate, (Opp. Hans Cinema, lAzadpur) G.T. Karnal Road,
_bDelhi
_e110033
_k27438103
300 _axciv, 1554p.
_c25 cm (Hb)
500 _aIncludes subject index
700 _a
942 _cEN
_h343.54071
_2ddc
_m BAR
999 _c13846
_d13846